Biombos Mexicanos (Record no. 7664)
[ view plain ]
| 000 -CABECERA | |
|---|---|
| campo de control de longitud fija | 00951nam a2200277 a 4500 |
| 001 - NÚMERO DE CONTROL | |
| campo de control | BRCA_7995 |
| 005 - FECHA Y HORA DE LA ÚLTIMA TRANSACCIÓN | |
| campo de control | 20190320210103.0 |
| 008 - DATOS DE LONGITUD FIJA--INFORMACIÓN GENERAL | |
| campo de control de longitud fija | 140314s1970----mx-a######---#000-0#spa-# |
| 041 ## - CÓDIGO DE LENGUA | |
| Código de lengua del texto/banda sonora o título independiente | spa |
| 044 ## - CÓDIGO DEL PAÍS DE LA ENTIDAD EDITORA/PRODUCTORA | |
| Código MARC del país | mx |
| 050 #4 - SIGNATURA TOPOGRÁFICA DE LA BIBLIOTECA DEL CONGRESO | |
| Número de clasificación | ND253 |
| Número de documento/Ítem | .C32 |
| -- | 1970 |
| 100 1# - ENTRADA PRINCIPAL--NOMBRE DE PERSONA | |
| Nombre de persona | Castelló Yturbide, Teresa |
| 9 (RLIN) | 2444 |
| 245 10 - MENCIÓN DE TÍTULO | |
| Título | Biombos Mexicanos |
| Mención de responsabilidad, etc. | Teresa Castelló Yturbide y Marita Martìnez del Rìo de Redo ; edición de Jorge Gurrìa Lacroix. |
| 260 ## - PUBLICACIÓN, DISTRIBUCIÓN, ETC. | |
| Lugar de publicación, distribución, etc. | México |
| Nombre del editor, distribuidor, etc. | INAH |
| Fecha de publicación, distribución, etc. | 1970 |
| 300 ## - DESCRIPCIÓN FÍSICA | |
| Extensión | 171 p. |
| Otras características físicas | il. (algunas a color) |
| Dimensiones | 25 cm. |
| 500 ## - NOTA GENERAL | |
| Nota general | 3036 |
| 500 ## - NOTA GENERAL | |
| Nota general | Dedicatoria de las autoras al señor Franz Mayer |
| 500 ## - NOTA GENERAL | |
| Nota general | Ejemplar igual a 3110 |
| 504 ## - NOTA DE BIBLIOGRAFÍA, ETC. | |
| Nota de bibliografía, etc. | Bibliografía p. 169-171 |
| 650 14 - PUNTO DE ACCESO ADICIONAL DE MATERIA--TÉRMINO DE MATERIA | |
| Término de materia o nombre geográfico como elemento de entrada | Biombos Mexicanos |
| Subdivisión de forma | Coleccionistas y colecciones |
| 9 (RLIN) | 19844 |
| 650 14 - PUNTO DE ACCESO ADICIONAL DE MATERIA--TÉRMINO DE MATERIA | |
| Término de materia o nombre geográfico como elemento de entrada | Biombos |
| Subdivisión de forma | Exposiciones |
| Subdivisión geográfica | México |
| 9 (RLIN) | 4033 |
| 700 1# - PUNTO DE ACCESO ADICIONAL--NOMBRE DE PERSONA | |
| Nombre de persona | Martìnez del Rìo de Redo, Marita |
| Término indicativo de función/relación | coaut. |
| 9 (RLIN) | 2571 |
| 700 1# - PUNTO DE ACCESO ADICIONAL--NOMBRE DE PERSONA | |
| Nombre de persona | Gurría Lacroix, Jorge |
| Término indicativo de función/relación | ed. |
| 9 (RLIN) | 19642 |
| 902 ## - CATALOGADOR | |
| Iniciales | GFM |
| 942 ## - ELEMENTOS DE PUNTO DE ACCESO ADICIONAL (KOHA) | |
| Fuente del sistema de clasificación o colocación | Library of Congress Classification |
| Tipo de ítem Koha | Libros |
| Estado de retiro | Estado de pérdida | Estado dañado | No para préstamo | Localización permanente | Ubicación/localización actual | Fecha de adquisición | Número de inventario | Total de préstamos | Signatura topográfica completa | Código de barras | Fecha visto por última vez | Precio válido a partir de | Tipo de ítem Koha |
|---|---|---|---|---|---|---|---|---|---|---|---|---|---|
| El ejemplar forma parte de la colección y puede ser consultado según las políticas vigentes. | Biblioteca del Museo Franz Mayer (Rogerio Casas-Alatriste) | Biblioteca del Museo Franz Mayer (Rogerio Casas-Alatriste) | 14/03/2014 | 3036 | ND253 .C32 1970 (3036) | 8606 | 22/03/2019 | 22/03/2019 | Libros |